000 00728cam a2200241 a 4500
001 000018216
005 20200929165415.0
008 840302s1966 uy 000 e spa d
035 _a(DLC) 73548518
040 _aDO-SdBNP
_bspa
_cCarP
_dDLC
_dBNPHU
082 _aU864.44
_bB462p, 1966
100 1 _aBenedetti, Mario,
_d1920-2009.
_911959
245 1 3 _aEl país de la cola de paja /
_cMario Benedetti.
250 _a5a ed.
260 _aMontevideo, Uruguay :
_bArca,
_c1966.
300 _a160 p. ;
_c17 cm.
650 4 _aEnsayos uruguayos
_93053
650 4 _aLiteratura uruguaya
_93054
651 4 _aUruguay
_xCaracterísticas Nacionales
_939439
651 4 _aUruguay
_xCivilización
_939440
910 _aWM
049 _aBNGR
999 _c17737
_d17737